000 00319nam a22001337a 4500
020 _a81-7910-022-7
041 _aENG
100 _aSrinivasan.T.M
245 _aUse of Computers and Multimedia in Education
260 _aJaipur
_bAavishkar Publishers
_c2002
300 _a200
650 _aGeneral
856 _uM.Tech ( 7 )
999 _c1076
_d1076